000 00463nam a22001697a 4500
999 _c12310
_d12310
008 221216b 2013 ||||| |||| 00| 0 eng d
020 _a9789383750145
082 _bDES
100 _aDeshmukh, B. H.
245 _aElectrical Engineering
260 _aPune
_bNirali Prakashan
_c2013
300 _ax,1.1-16.22p.
650 _aIntroduction To Electrical Power System
650 _aA. C. Fundamentals
650 _aThree-Phase A. C. Circuits
942 _cGB